MDQL
is popping MORE tags! Check the
thread
!
Quizzes
Events
Quiz Creation
Community
Videos
Private Events
Remove Ads
Sign In
Join for FREE
Feedback
Dark Mode
Quiz Categories
Sports
Geography
Music
Movies
Television
Just For Fun
Miscellaneous
History
Literature
Language
Science
Gaming
Entertainment
Religion
Holiday
For Kids
Quiz Lab
Recent
Popular Today
Quiz Kudos Today
Editor Picks
Curator Picks
Quizzes by...
Day
Popularity
Type
Ratings
Length
Year
Community
Subscriptions
Recent Discussions
Orange Saloon
Badges
Playlists
Quests
Create
Leaderboards
Showdown
Live 5
Trivia Bingo
Activity
Puzzle Library
Sporcle Events
Private Events
Virtual Trivia
Globe League
Become a Host
Pub Owners
SporcleCon
Opinionation
Our Games
Videos
Blog
Mobile Apps
Partnerships
Remove Ads and Go Orange
Feedback
Entertainment
Celebrity
Famous
Musical
Broadway
Show
Quote
Comic Books
Anime
Superhero
DC Comics
Marvel
Cartoons
Animation
Entertainment
Celebrity
Famous
Musical
Broadway
Show
Quote
Comic Books
Anime
Superhero
DC Comics
Marvel
Cartoons
Animation
Random Quiz
Search Sporcle
×
Quiz Lab
Quiz Lab
Entertainment
Letter
Type in answers that appear in a list
Type in answers that appear in a list
Classic
Best Score? Go Orange.
Fill In The Dog Breeds A-Z Stats
Can you name the Fill In The Dog Breeds A-Z (Look At How To Play)?
By
Jackpotlch
4m
25 Questions
85 Plays
85 Plays
85 Plays
Comments
Comments
Give Quiz Kudos
Give Quiz Kudos
-
- Ratings
hide this ad
More Info
Forced Order
Answers have to be entered in order
Answers have to be entered in order
Replay
Link that replays current quiz
Next Quiz
Link to next quiz in quiz playlist
You Got
0%
They Got
Avg Score
60%
Avg Friend Score
Upgrade to see
Score Distribution
Jump to the score distribution portion of the page
Score
0/25
Timer
04:00
0
Plays Today
Letter and Part Of The Name
Dog
% Correct
G: _
_
_
_
_
Retriever
Golden Retriever
91.8%
E: _
_
_
_
_
_
_
_
Bulldog
English Bulldog
85.9%
F: French _
_
_
_
_
_
_
Frech Bulldog
84.7%
I: _
_
_
_
_
_
_
Setter
Irish Setter
84.7%
L: _
_
_
_
_
_
_
Retriever
Labrador Retriever
84.7%
C: Chihu_
_
_
_
Chihuahua
83.5%
B: Bea_
_
_
_
Beagle
83.5%
D: Dach_
_
_
_
Dachshund
83.5%
P: Poo_
_
_
_
_
Poodle
81.2%
S: _
_
_
_
_
_
_
_
Husky
Siberian Husky
78.8%
N: New_
_
_
_
_
_
_
_
_
Newfoundland
76.5%
J: _
_
_
_
_
_
_
_
_
_
_
_
Terrier
Jack Russell Terrier
75.3%
K: King _
_
_
_
_
_
_
_
Spaniel
King Charles Spaniel
72.9%
Letter and Part Of The Name
Dog
% Correct
M: Mal_
_
_
_
Maltese
62.4%
Y: _
_
_
_
_
_
_
_
_
Terrier
Yorkshire Terrier
61.2%
A: _
_
_
_
_
_
_
_
_
Foxhound
American Foxhound
57.6%
R: Rhodesian _
_
_
_
_
_
_
_
_
Rhodesian Ridgeback
54.1%
O: Otter_
_
_
_
_
Otterhound
49.4%
H: Have_
_
_
_
Havenese
44.7%
W: Wiemar_
_
_
_
_
Wiemaraner
36.5%
Q: Queensland _
_
_
_
_
_
_
_
Queensland Heeler
18.8%
U: Utonag_
_
_
Utonagan
18.8%
V: Victorian _
_
_
_
_
_
_
Victorian Bulldog
15.3%
T: _
_
_
_
_
_
_
Poodle
Teacup Poodle
14.1%
X: Xoloitz_
_
_
_
_
Xoloitzcuintle
12.9%
Quiz Playlist
Details
Report
Send in Message
Add To Playlist
More Info:
You type in the dog breed, or the remaining letters of the sentence. Caution: Some dog names probably you won't know some of them
Classic:
Type in answers that appear in a list
Forced Order:
Answers have to be entered in order
Last Updated: Sep 4, 2017
Quiz Scoreboard
CHALLENGE
Sign Up to Join the Scoreboard
Show All
Scores
Hide
Comments
May contain spoilers
Recently Published
Holiday 10x10 Sorting Gallery
by lukepisani3
Holiday
15m
Two Season TV Shows II
by 123Four
Television
10m
Image Sorting: Flags VI
by Barbecue
Geography
2m
More to Explore
Quiz From the Vault
Featured Blog Post
14 Easter Pick-up Lines to Find Eggs With
hide this ad
You Might Also Like...
Tags
Letter Quiz
Play Quiz
A-Z
Breed
dog
Today's Top Quizzes in Entertainment
Browse Entertainment
hide this ad
Today's Top Quizzes in Letter
Browse Letter
Top Contributed Quizzes in Entertainment
1
Marvel Classic Character Map
2
Movie-Themed Roller Coasters
3
Dragon Ball Z: Goku's Fights in Order
4
Marvel Characters Bunker
5
Sorting Pictures: Villains
6
Who stole Onew's chicken? (KPOP LOGIC QUIZ)
7
Haikyuu Logic Quiz
8
Celebrity Spelling Bee
9
JoJo's Bizarre Logic Quiz
10
Image Sorting: Anime
Explore More
Trending Topics
Crossword
NBA
Harry Potter
Disney
Anime
Kpop
Marvel
Song
The Office
Puzzle
Soccer
Country
WWE
Pokémon
NFL
hide this ad
More By:
Jackpotlch
Quiz
Plays
Rating
Category
Featured
Created
Roy Halladay: Hall of Fame Strikeout Profile
3,770
4.87
Sports
Feb 26, 2022
80's Hits 10-1
886
3.53
Music
Aug 3, 2017
'I Was Made for Lovin' You' Lyrics by Kiss
880
4.60
Music
Feb 4, 2018
Roger Clemens: Hall of Fame Strikeout Profile
761
4.25
Sports
Mar 6, 2022
Bartolo Colon: Hall of Fame Strikeout Profile
745
5.00
Sports
Feb 26, 2022
Go to Creator's Profile
Score Distribution
Quiz Creator Spotlight
Jackpotlch
Follow
Send a Message
Quizzes Created
-
Created Quiz Play Count
-
More By This Creator
Popular Quizzes Today
1
Find the US States - No Outlines Minefield
2
Colored Red Africa Blitz
3
Find the 'City' Movie
4
The Countries of the World
5
Find the US States
6
5x2 Blitz: Bands
7
Find the Countries of Europe - No Outlines Minefield
8
US States
More Entertainment Quizzes
Click the 'D' Cartoon Characters II
Curator's Pick
Trending Quizzes
Colored Red Europe Blitz I
Colored Red Europe Blitz II
Colored Red Africa Blitz II
Colored Red Europe Blitz III
Colored Red Africa Blitz III
Recently Updated
Odd Team Out - Big 4 Players
pecheneg
Quick Pick: 20 Twenties
pecheneg
March Madness Men's Triple Doubles
pecheneg
How Do You Spell That?
pecheneg
Godzilla Movies
pecheneg
Grab Bag: 4-10 Letters
pecheneg
2024 March Madness Bracket
pecheneg
Famous TV Couples
Peacemaker
Champions League XIs: Real Madrid
pecheneg
Largest US Cities 1790-2010
pecheneg
Trending Topics
Disney
Harry Potter
Kpop
Crossword
NBA
Anime
Marvel
Song
Soccer
The Office
NFL
Pokémon
Puzzle
WWE
Country
Your Account Isn't Verified!
In order to create a playlist on Sporcle, you need to verify the email address you used during registration. Go to your
Sporcle Settings
to finish the process.
Report this User
Report this user for behavior that violates our
Community Guidelines
.
Details:
Send Report
Go to the Sporcle.com Mobile Site →
Comments